Génesis de las guerras intestinas en América Central: 1960-1983

Saved in:
書目詳細資料
主要作者: Bataillon, Gilles (Author)
格式: 圖書
語言:西班牙语
出版: Ciudad de México Fondo de Cultura Económica 2008
版:1a. ed
叢編:Sección de Obras de Historia
主題:
標簽: 添加標簽
沒有標簽, 成為第一個標記此記錄!

MARC

LEADER 00000cam a2200000 a 4500
001 UCD0123
003 CL-VaPUC
008 151120e20080000mx |||||||||||||||||spa|d
020 |a 9789681686338 
082 0 4 |a 320.972  |b BAT  |2 21 
100 0 |a Bataillon, Gilles  |e author  |9 583130 
245 1 0 |a Génesis de las guerras intestinas en América Central: 1960-1983 
250 |a 1a. ed 
300 |a 373 p 
942 |c BK 
945 |d 20151120 13:39:00  |a dcastane 
260 |a Ciudad de México  |b Fondo de Cultura Económica  |c 2008 
650 0 |a Política y gobierno  |9 255151 
650 7 |a GUERRAS CIVILES  |2 CL-VaPUC  |9 361938 
651 0 |a América Central  |9 255026 
651 0 |a Guatemala  |9 258335 
651 7 |a NICARAGUA  |2 CL-VaPUC  |9 255394 
651 7 |a EL SALVADOR  |2 CL-VaPUC  |9 257726 
583 |a last modification  |c 20151120 13:39:00  |k Rodrigo Vera 
490 0 |a Sección de Obras de Historia 
999 |c 361744  |d 361742 
952 |0 0  |1 0  |3 erb  |4 0  |6 320_972000000000000_BAT_2008  |7 0  |8 A  |9 472391  |a BIBHIS  |b BIBHIS  |i 525017K  |o 320.972 BAT 2008  |p 525017K  |r 2025-01-20  |w 2019-11-24  |y BK  |z Catalogado en:20151120  |k HIS